Obstetrics, (Record no. 118878)

MARC details
000 -LEADER
fixed length control field 00716nam a2200253 4500
008 - FIXED-LENGTH DATA ELEMENTS--GENERAL INFORMATION
fixed length control field
020 ## - INTERNATIONAL STANDARD BOOK NUMBER
International Standard Book Number 0713144793 (pbk.)
049 ## - LOCAL HOLDINGS (OCLC)
Holding library MAIN
090 ## - LOCALLY ASSIGNED LC-TYPE CALL NUMBER (OCLC); LOCAL CALL NUMBER (RLIN)
Classification number (OCLC) (R) ; Classification number, CALL (RLIN) (NR) RG524
Local cutter number (OCLC) ; Book number/undivided call number, CALL (RLIN) OBS
003 - CONTROL NUMBER IDENTIFIER
control field
005 - DATE AND TIME OF LATEST TRANSACTION
control field 20230120204209.0
040 ## - CATALOGING SOURCE
Transcribing agency NUST
245 00 - TITLE STATEMENT
Title Obstetrics,
Statement of responsibility, etc. by ten teachers /
-- edited by Stanley G Clayton ; T.L.T Lewis and G.D Pinker.
250 ## - EDITION STATEMENT
Edition statement 14th ed.
260 0# - PUBLICATION, DISTRIBUTION, ETC.
Place of publication, distribution, etc. London :
Name of publisher, distributor, etc. Edward Arnold,
Date of publication, distribution, etc. 1985.
300 ## - PHYSICAL DESCRIPTION
Extent x, 468 p. :
Other physical details ill. ;
Dimensions 23 cm.
500 ## - GENERAL NOTE
General note Includes index.
650 #2 - SUBJECT ADDED ENTRY--TOPICAL TERM
Topical term or geographic name entry element Obstetrics.
700 ## - ADDED ENTRY--PERSONAL NAME
Personal name Clayton, Stanley G.
700 ## - ADDED ENTRY--PERSONAL NAME
Personal name Lewis, T L T.
700 ## - ADDED ENTRY--PERSONAL NAME
Personal name Pinker, G.
907 ## - LOCAL DATA ELEMENT G, LDG (RLIN)
a .b10365370
b 11-11-15
c 10-11-15
942 ## - ADDED ENTRY ELEMENTS (KOHA)
Koha item type Ordinary Loan Books
Call number prefix RG524
Call number suffix OBS
Holdings
Date last seen Total Checkouts Full call number Barcode Cost, replacement price Price effective from Koha item type Lost status Source of classification or shelving scheme Damaged status Not for loan Collection Withdrawn status Home library Current library Shelving location Date acquired Cost, normal purchase price
01/20/2023   RG524 OBS 92004037463 80.00 01/20/2023 BOOKS   LCC     NFIC   Medical Medical GEN 01/20/2023 80.00